| 000 | 01012nam2a22002651 4500 | ||
|---|---|---|---|
| 001 | v19\rc\1631913 | ||
| 005 | 20250618233515.0 | ||
| 035 | _a(NLR Aleph) 004747022 | ||
| 090 |
_a4519550 _c4519550 |
||
| 100 | _a20061002d1914 |||y0rusy50 ca | ||
| 101 | 0 | _arus | |
| 102 | _aRU | ||
| 105 | _ay z ||||| | ||
| 200 | 1 |
_aОглавление вып. 1-20 _e1899-1914 |
|
| 210 |
_d1914 _aБ. м. |
||
| 215 | _a43 с. | ||
| 461 | 0 |
_1001v19\rc\1631912 _12001#$aФинляндия$eОбзор период. печати. Вып. [1]$vОглавление вып. 1-20 _94519547 _cСанкт-Петербург _d1899-1916 _nГос. тип. _oОбзор период. печати. Вып. [1] _tФинляндия _vОглавление вып. 1-20 |
|
| 517 | 0 | _aОглавление выпусков первого - двадцатого | |
| 801 | 0 |
_aRU _bNLR _gpsbo |
|
| 801 | 0 |
_aRU _bRuMoRGB _2psbo |
|
| 801 | 1 |
_aRU _bProSoft-M _2rusmarc |
|
| 852 |
_aNLR _jС571Фин/Ф-60 |
||
| 942 | _cBOOK | ||
| 980 | _aNB | ||